000 00532nam a2200169Ia 4500
008 090711s9999 xx 000 0 und d
082 _b1847
100 _aथोरे अशोक
245 _aहवाई हल्लेखोर
260 _bशांती पब्लिकेशन्स
_c1998
300 _a151
600 _aथोरे अशोक
630 _aहवाई हल्लेखोर
700 _aथोरे अशोक
730 _aहवाई हल्लेखोर
942 _cBOOK
999 _c334727
_d334727